| 000 | 00545cam a2200169 a 4500 | ||
|---|---|---|---|
| 001 | 2939336 | ||
| 005 | 20240307034315.0 | ||
| 008 | 890810s1988 ce 000 0 eng | ||
| 020 | _a955905600X | ||
| 040 |
_aDLC _cDLC _dDLC |
||
| 082 | 0 | 0 |
_a323.4 _220 _bHUM. |
| 245 | 0 | 0 |
_aHuman rights and religions in Sri Lanka : _ba commentary on the universal declaration of human rights. |
| 260 |
_aColombo, Democratic Socialist Republic of Sri Lanka : _bSri Lanka Foundation, _c1988. |
||
| 300 | _axxvi, 317 p. ; | ||
| 650 | 0 | _aFreedom of religion | |
| 942 | _cL | ||
| 999 |
_c556 _d556 |
||